| 000 | 01335nam a22002177a 4500 | ||
|---|---|---|---|
| 999 |
_c64121 _d64121 |
||
| 003 | Ge_BSU | ||
| 005 | 20260408122507.0 | ||
| 008 | 260408s2025 ge ||||| |||| 00| 0 geo d | ||
| 020 | _a9789941878923 | ||
| 041 | _ageo | ||
| 080 | _a347.7 ჯ-93 | ||
| 100 |
_aჯუღელი, თეა _927293 |
||
| 245 |
_aვალდებულების შესრულების სუბიექტები : _b[მონოგრაფია] / _cთეა ჯუღელი; რედაქტორი ზურაბ ძლიერიშვილი. |
||
| 264 |
_aთბილისი: _bშპს "ფორმა", _c2025. |
||
| 300 |
_a280 გვ. ; _b21 სმ. |
||
| 501 | _aწიგნს ახლავს დანართი "საავტომობილო ტრანსპორტის შესახებ'' საქართველოს კანონში ცვლილებების შეტანის თაობაზე. | ||
| 504 | _aბიბლიოგრაფია ტექსტის შენიშვნებში და გვ. 257-279. | ||
| 653 | _aვალდებულებების შესრულება | ||
| 700 |
_aძლიერიშვილი, ზურაბ _eრედაქტორი _98152 |
||
| 942 |
_2udc _cᲬᲘᲒᲜᲘ |
||